| 000 | 00369nam a2200145Ia 4500 | ||
|---|---|---|---|
| 008 | 230917s9999||||xx |||||||||||||| ||und|| | ||
| 040 |
_e147842 _aMAIN |
||
| 041 | _aEnglish | ||
| 082 | _a301.045 M739M | ||
| 100 | _aMommsen, Wolfgang J, ed. | ||
| 245 | 0 | _aMax Weber and his contemporaries | |
| 260 |
_aLondon _bAllen and Unwin _c1987 |
||
| 300 | _a591 p. | ||
| 942 | _cBK | ||
| 999 |
_c57941 _d57941 |
||